Antimatter Dimensions - Pre-Infinity Dash - Statistics

General Stats
  • This quiz has been taken 4 times
  • The average score is 8 of 13
Answer Stats
Hint Answer % Correct
Requirement for first major reset (2 demicals) 1.79e308
100%
Starting Currency Antimatter
100%
First Dimension Type Antimatter Dimensions
100%
first major reset name Infinity
100%
Unlocked at 2nd AD Tickspeed
75%
DB Scaling past 4 +15
50%
AG Cost Scaling +60
50%
Highest Dimension Number 8th
50%
Second Reset to boost Tickspeed Antimatter Galaxies
50%
First reset Dimension Boosts
50%
Boosts the 8th AD Sacrifice
50%
1st AD cost scaling x1000
25%
Tickspeed cost scaling x1000
25%
No matching quizzes found
Score Distribution
Percent of People with Each Score
Percentile by Number Answered
Your Score History
You have not taken this quiz